000 00921 a2200205 4500
001 56963
005 20260407155832.0
008 260407a1964 arg spa d
003 AR-UNSa-BCEJYS
040 _aAR-UNSa-BCEJYS
_bspa
_cAR-UNSa-BCEJYS
080 _a339.5
_xComercio exterior. Comercio Internacional
245 1 0 _aLas economías de exportación
264 1 _aMéxico :
_bUnión Tipográfica Editorial Hispano-Americana (UTEHA)
_c1964
300 _a390 p.
_c23 cm.
505 _a1. Las economías de exportación: delimitación del tema, introducción y resumen -2. El Perú en la época del guano – 3. El origen de los factores – 4. El esquema de desarrollo – 5. La junta distribuidora del arroz, de Birmania – 6. Instrumentos de la revuelta – 7. Problemas y perspectivas
942 _cBK
590 _aniveau_biblio:m niveau_hierar:0
100 1 _aLevin, Jonathan V.
700 1 _aCastaño, Alfonso
999 _c6079
_d6079